000 01222namaa22003011i 4500
003 EG-GICUC
005 20260420131348.0
008 260420s2004 mk ||||jr|||| 000 0 ara d
017 _a2004 / 64
_bالمكتبة الوطنية (عمان)
040 _aEG-GiCUC
_bara
_cEG-GiCUC
_dEG-GiCUC
_erda
082 0 4 _221
_a327.2534
_bS1653
092 0 4 _221
_a327.2534
_bS1653
099 _a327.2534 S1653
100 1 _aالصالحى، قاسم بن محمد بن سالم
_eمؤلف.
245 1 2 _aالدبلوماسية العمانية وتحديات العولمة /
_cقاسم بن محمد بن سالم الصالحى
264 _aمسقط (عمان) :
_bدار مسقط للصحافة والنشر والتوزيع،
_c2004.
300 _a179 صفحة
_c24 سم
336 _2rdacontent
_atext
337 _2rdamedia
_aUnmediated
338 _2rdacarrier
_avolume
504 _aيشتمل على ارجاعات ببليوجرافية
541 _aد. جابر عصفور ؛
_bالقاهرة ؛
_cإهداء ؛
_d2024.
650 1 7 _aالدبلوماسية
_2qrmak
650 1 7 _aالعولمة
_2qrmak
651 1 _2qrmak
_aعمان
_xالعلاقات الخارجية
905 _aNermeen
942 _2ddc
_cBK
_e21
_n0
999 _c179615
_d179615